004210000a22001090004500090001700000245010500017041001400122100003900136942001300175773010600188999001700294 aASbSeriadas10aSucesos en Pentacalia (). Una novedad y claves para las especies colombianas0 aEspañol1 aDíaz Piedrahita, Santiago995842 cARTICULO1 tRevista de la Academia Colombiana de Ciencias Exactas, Fisicas y Naturales332h78q435-442d1996g20 c14092d14092